000 00943nam a2200217 a 4500
001 000034876
005 20200930073946.0
008 111021s1961 es 000 0 spa d
100 1 _aEbenstein, William
_d1910-
_960427
240 1 0 _aToday is isms, communism,fasciam, capitaliam, socialiam
_linglés
245 1 4 _aLos ismos políticos contemporáneos :
_bcomunismo, fascismo, capitalismo, socialismo /
_cWilliam Ebenstein ; prólogo de Manuel Jiménez de Parga.
260 _aCaracas [etc.] :
_bAriel,
_c1961.
300 _a332 p. ;
_c20 cm.
490 1 _aDemos. Colección de Ciencia Política
504 _aIncluye bibliografía
590 _aPerteneció a la biblioteca personal de Juan Isidro Jimenes Grullón.
700 1 _aJiménez de Parga Cabrera, Manuel,
_d1929-
_960428
710 1 _aUniversidad de Barcelona.
_bSeminario de Derecho Político
_960429
830 0 _aDemos.Colección de Ciencia Política
_960430
999 _c34367
_d34367
040 _aDO-SdBNP